African journal of oral health.[AJOH] (Record no. 38050)

MARC details
000 -LEADER
fixed length control field 00500nam a2200169Ia 4500
022 ## - INTERNATIONAL STANDARD SERIAL NUMBER
ISSN 01895710
050 ## - CALL MARK
Classification number RC 815 .A37/
245 #0 - TITLE STATEMENT
Title African journal of oral health.[AJOH]
260 ## - PUBLICATION, DISTRIBUTION, ETC. (IMPRINT)
Place of publication Ile-Ife, Nigeria
260 ## - PUBLICATION, DISTRIBUTION, ETC. (IMPRINT)
Name of publisher The Chartered Institute of Taxation of Nigeria.
260 ## - PUBLICATION, DISTRIBUTION, ETC. (IMPRINT)
Year of publication 2016
300 ## - PHYSICAL DESCRIPTION
Number of Pages 28 p. :ill. ; 29 cm.
650 ## - SUBJECT ADDED ENTRY--TOPICAL TERM
Topical Term Oral medicine--Periodicals. Oral medicine--Africa--Periodicals.
942 ## - ADDED ENTRY ELEMENTS (KOHA)
Koha item type Serials

No items available.